00774nam a2200193Ia 4500003000200000005001700002008004100019050002800060100002100088245010900109260009000218300003900308504004100347650003800388650003500426650003800461650004800499650003300547020250122134047.0150126s9999 xx 000 0 und d aPHS LB 3609b.L365 2014 aLaturner, Yvonne aRelationship of stress management and interpersonal skills of SISC grade 11 students /cYvonne Laturner. aLas Piñas City, Philippines :bSouthville International School and Colleges,c2014. a39 pages :billustration ;c28 cm. aIncludes bibliographical references. aStress management in adolescence. aInterpersonal skills in youth. aHigh school students2Psychology. aStudent development2Psychological aspects. aAdolescence2Social aspects.